Eichmann in Jerusalem : a report on the banality of evil

Saved in:
Bibliographic Details
Main Author: Arendt, Hannah, 1906-1975
Format: Book
Language:English
Published: New York ; : London : Penguin Books, 1994.
Subjects:
Tags: Add Tag
No Tags, Be the first to tag this record!

MARC

LEADER 00000cam a2200000 i 4500
001 1/67697
008 041209s1994 nyu| ||| |||| ||eng||
020 |a 0140187650 
035 |l 10075637 
040 |a GR-MyUA  |b gre  |e AACR2 
041 0 |a eng 
082 0 |a 364.1380924  |2 (21) 
100 1 |a Arendt, Hannah,   |d 1906-1975. 
245 1 0 |a Eichmann in Jerusalem :   |b a report on the banality of evil /   |c Hannah Arendt.  
260 |a New York ; :   |a London :   |b Penguin Books,   |c 1994.  
300 |a 312 σ. ;   |c 20 εκ.  
500 |a First published: New York: Viking Press, 1963 
504 |a Περιέχει βιβλιογραφικές αναφορές και ευρετήριο.  
600 1 0 |a Eichmann, Adolf,   |d 1906-1962. 
650 0 0 |a Jews  |z Europe  |x Persecutions. 
767 0 8 |i Μεταφρασμένο ως:   |t Ο Αϊχμάν στην Ιερουσαλήμ :  
852 |a INST  |b RHODES  |e 20041209  |h 364.1380924 ARE  |p 005400017937  |q 005400017937  |t BK  |y 0 
901 |a BIBL4-2005-1 
909 |a Ρ  |b 116690 
922 |a 4ΕΛΗ  |b 200411  |c ΕΠΕΑΕΚ2/ΠΤΔΕ  |d ΜΙΧΑΛΟΠΟΥΛΟΣ 
950 |a 095-2004-06-16 
970 |a ΧΟΡΟΖΙΔΟΥ  |b ΤΖΕΝΗ  |z 2005/01/17